000 00559nam a2200193Ia 4500
008 151121s9999||||xx |||||||||||||| ||und||
082 _a814/कणेक
082 _bHNW-115731
100 _aकणेकर शिरीष
245 _aमोतिया
260 _b"दिलीप प्रकाशन, पुणे।"
260 _c2014
300 _a253
600 _aकणेकर शिरीष
630 _aमोतिया
700 _aकणेकर शिरीष
730 _aमोतिया
942 _cBOOK
999 _c1264436
_d1264433